Score 0/15 Timer 04:00
0 Plays Today
% Correct
Sam Gamgee
90.1%
Sancho Panza
87%
Friday
82.8%
Kreacher
77.2%
Reginald Jeeves
71.9%
Kunta Kinte
70.9%
Ping'er
67.7%
Jean Passepartout
64.4%
% Correct
Ellen 'Nelly' Dean
56.1%
Mr. Stevens
52.9%
Maria
51.6%
Aibileen Clark
50.7%
Dorine
49.7%
Andrew Martin
49%
Giovanni Bertuccio
45.7%
Remove Ads.
Support Sporcle.
Get the best of Sporcle when you Go Orange. This ad-free experience offers more features, more stats, and more fun while also helping to support Sporcle. Thank you for becoming a member.

You're not logged in!

Compare scores with friends on all Sporcle quizzes.
OR
Log In

Sporcle TV

Today on Sporcle TV


Watch our educational content, quiz creation guides, and fun videos on Sporcle TV.

Show Comments

Extras

Top Quizzes Today


Score Distribution

Paid Content

Your Account Isn't Verified!

In order to create a playlist on Sporcle, you need to verify the email address you used during registration. Go to your Sporcle Settings to finish the process.

Report this User

Report this user for behavior that violates our Community Guidelines.

Details: